Maya's party : (Record no. 131521)

MARC details
000 -LEADER
fixed length control field 00604nam a22002057a 4500
005 - DATE AND TIME OF LATEST TRANSACTION
control field 20170124110130.0
010 ## - LIBRARY OF CONGRESS CONTROL NUMBER
LC control number B-212945
020 ## - INTERNATIONAL STANDARD BOOK NUMBER
Terms of availability 150.00
International Standard Book Number 8176463574
035 ## - SYSTEM CONTROL NUMBER
System control number B-212945
037 ## - SOURCE OF ACQUISITION
Source of stock number/acquisition Cen Lib/Ret
082 ## - DEWEY DECIMAL CLASSIFICATION NUMBER
Classification number N
Item number DUA
100 ## - MAIN ENTRY--PERSONAL NAME
Personal name Duara, Srutimala
9 (RLIN) 31990
245 ## - TITLE STATEMENT
Title Maya's party :
Statement of responsibility, etc by Srutimala Duara
Remainder of title a novel /
260 ## - PUBLICATION, DISTRIBUTION, ETC. (IMPRINT)
Place of publication, distribution, etc New Delhi
Name of publisher, distributor, etc B.R. publishinng corporation
Date of publication, distribution, etc 2003
270 ## - ADDRESS
City New Delhi
Address 4222/1, Ansari road, Daryaganj
Postal code 110002
300 ## - PHYSICAL DESCRIPTION
Extent 192p.
Dimensions 21cm(pbk)
650 ## - SUBJECT ADDED ENTRY--TOPICAL TERM
Topical term or geographic name as entry element Literature -- fiction
9 (RLIN) 72070
650 ## - SUBJECT ADDED ENTRY--TOPICAL TERM
Topical term or geographic name as entry element English Novel
9 (RLIN) 14422
942 ## - ADDED ENTRY ELEMENTS (KOHA)
Source of classification or shelving scheme Dewey Decimal Classification
Koha item type English Books
Classification part N
Call number suffix DUA
Holdings
Withdrawn status Lost status Damaged status Not for loan Home library Current library Date acquired Source of acquisition Cost, normal purchase price Total Checkouts Total Renewals Full call number Barcode Date last seen Date checked out Copy number Cost, replacement price Price effective from Koha item type
        Central Library Central Library 15/07/2015 Cen Lib/Ret 150.00 2 1 N DUA B-212945 10/03/2021 11/02/2021 1 150.00 15/07/2015 English Books

© Delhi Public Library
Hit Counter
free hit counter